Etats-Unis - de A à Z. - Statistiques

Statistiques générales
  • Ce quiz a été pris 3 642 fois
  • Le résultat moyen est 18 sur 26
Statistiques - réponses
Lettre Question Réponse % Correct
B Nom du président actuel. Joe Biden
97%
H État dont la capitale est Honolulu. Hawaï
90%
K Chaine de fast-food ayant été crée dans le Kentucky. KFC
88%
F Sport très populaire aux États-Unis, pratiqué par Tom Brady. Football Américain
87%
L Le Hollywood Walk of Fame est un trottoir célèbre dans un quartier de cette ville. Los Angeles
86%
A Plus grand des États avec une superficie de 1 723 337 km² Alaska
84%
D Métropole moderne située au nord du Texas, aussi le nom d'une série TV débutée en 1978. Dallas
84%
W Nom du premier président des États-Unis. Georges Washington
82%
N Ville dans laquelle vivent les 6 amis de la série "Friends". New-York
82%
C État dont la capital est Sacramento. Californie
81%
J Nom d'une actrice Américaine, femme de Brad Pitt. Angélina Jolie
80%
P Pop star Américaine, interprète de "Roar" ou "I kissed a girl". Katy Perry
79%
G Pont suspendu américain situé dans l'État de Californie, par lequel la baie de San Francisco débouche dans l’océan Pacifique. Golden Gate Bridge
75%
Q L'un des cinq arrondissements de la ville de New York, les quatre autres étant Manhattan, le Bronx, Brooklyn et Staten Island. Queens
74%
U Les JO de Salt Lake City en 2002 ont eu lieu dans cet État. Utah
74%
R Montagne sur laquelle les visages de quatre anciens présidents des États-Unis sont gravés sur un pan de montagne, au Dakota du Sud. Mont Rushmore
70%
I Film Américain de Christopher Nolan sortie en 2010, avec Leonardo Di Caprio. Inception
68%
Z Actrice, chanteuse et mannequin révélée, en 2010 à la télévision, par la série de Disney Channel, Shake It Up, puis en 2017 au cinéma par Spider-Man: Homecoming. Zendaya
66%
X Série de films américaine, adaptée de la série de comics du même titre créée par Stan Lee et Jack Kirby, et publiée par Marvel Comics. X-men
65%
Y Université privée américaine située à New Haven dans le Connecticut, fondée en 1701. Yale
59%
O La capitale de cette État est Salem. Orégon
58%
E Nom de l'acteur star de la saga "High School Musical". Zac Efron
58%
V État dans la capitale est Montpelier. Vermont
57%
S Plus grand des Grands Lacs d’Amérique du Nord, à cheval entre les États-Unis et le Canada. Lac Supérieur
41%
M Désert s'étendant sur plus de 40 000 km2, qui traverse plusieurs États dont la Californie, l'Arizona et le Nevada. Désert de Mojave
17%
T Nom de l'hymne Américain, que l'on peut traduire en Français par "La bannière étoilée". The Star-Spangled Banner
13%
Aucun quiz correspondant
Distribution des résultats
% des personnes avec chaque résultat
Percentile par nombre de réponses
Votre historique - résultats
Vous n’avez pas pris ce quiz